[Event "FIDE GP+"]
[Site "Dubai"]
[Date "2002.04.07"]
[Round "4.1"]
[White "Radjabov, Teimour"]
[Black "Anand, Viswanathan"]
[Result "1/2-1/2"]
[WhiteElo "2599"]
[BlackElo "2757"]
[Annotator "Lutz,C"]
[PlyCount "101"]
[EventDate "2002.04.03"]
[EventType "k.o. (rapid)"]
[EventRounds "5"]
[EventCountry "UAE"]
[SourceTitle "CBM 089"]
[Source "ChessBase"]
[SourceDate "2002.08.12"]
[SourceVersion "1"]
[SourceVersionDate "2002.08.12"]
[SourceQuality "1"]

1. d4 d5 2. c4 c6 3. Nc3 Nf6 4. e3 e6 5. Nf3 Nbd7 6. Bd3 dxc4 7. Bxc4 b5 8. Bd3
Bb7 9. O-O a6 10. e4 c5 11. d5 Qc7 12. dxe6 fxe6 13. Bc2 c4 {Es ist
interessant, dass Anand dem älteren 13...c4 den Vorzug vor 13... Ld6 gibt.} ({
Dreevs} 13... Bd6 {war lange Zeit populärer, aber zuletzt hatte Schwarz in der
Variante} 14. Ng5 Nf8 15. f4 e5 16. Qe1 O-O-O 17. Nd5 {einige Probleme.}) 14.
Nd4 (14. Ng5 Nc5 {ist OK für Schwarz.}) 14... Nc5 15. Be3 Rd8 (15... O-O-O {und
}) (15... e5 {wurden häufiger gespielt.}) 16. Qe2 e5 (16... Bd6 17. f4 e5 18.
Ndxb5 axb5 19. Nxb5 Qe7 20. Nxd6+ Qxd6 21. fxe5 Qxe5 22. Rf5 Qxb2 23. Rb1 Qxb1+
24. Bxb1 Nd3 25. e5 Nd5 26. Bg5 Ne7 27. Rf1 Rd5 28. Qg4 Nxe5 29. Qe6 Nf3+ 30.
Rxf3 Rxg5 31. Be4 Bd5 32. Bxd5 Rxd5 33. Qf7+ Kd8 34. Ra3 Rc5 35. Ra8+ Nc8 36.
Qxg7 {1-0 Kistella,R-Jung,T/Goch 1996/EXT 2000 (36)}) (16... Be7 17. f4 g6 18.
e5 Nd5 19. Nxd5 Bxd5 20. Qg4 Qb7 21. Rad1 Rd7 22. b3 Be4 23. bxc4 Bxc2 24. Nxc2
Rxd1 25. Rxd1 bxc4 26. Kh1 Kf7 27. f5 exf5 28. Qxc4+ Ne6 29. Nd4 Qd7 30. Rb1
Rc8 31. Qxa6 Nxd4 32. Bxd4 Rc2 33. e6+ Qxe6 34. Qxe6+ Kxe6 35. Ra1 Ba3 36. Kg1
Kd5 37. Bf6 f4 38. h3 Ke4 39. Kf1 Bc5 40. Re1+ Be3 41. Re2 Rc1+ 42. Re1 Rc6 43.
Bh8 Kd3 44. Rd1+ Ke4 45. a4 Rc2 46. Ra1 f3 {0-1 Gasiorowski,R-Lukasiewicz,G/
Krynica 1997/CBM 61 ext (46)}) 17. Nf5 (17. Nf3 $5) 17... g6 (17... Ne6 18.
Rad1 g6 19. Rxd8+ Kxd8 20. Nd5 Nxd5 21. exd5 gxf5 22. dxe6 Qc6 23. Rd1+ Kc8 24.
Qf3 f4 25. Qxc6+ Bxc6 26. Bb6 Kb7 27. Ba5 Rg8 $13 {1/2-1/2 Aleksandrov,
A-Maiorov,O/Krasnodar 1998/EXT 2000 (50)}) (17... Nd3 18. Bg5 Bc5 19. Rad1 O-O
20. Bxf6 Rxf6 21. Bxd3 cxd3 22. Rxd3 Rdf8 23. Nd5 Bxd5 24. Rxd5 $16 {1-0
Notkin,M-Beshukov,S/Orel 1997/EXT 99 (48)}) 18. Bg5 Qf7 19. Nd5 Bxd5 (19...
Nxd5 $5 20. exd5 Rxd5 $13) 20. exd5 gxf5 (20... Rxd5 21. Rad1 $36) 21. Qxe5+
Be7 22. d6 Rxd6 23. Qxc5 O-O 24. Qxf5 {Gewinnt einen Bauern, allerdings
entsteht jetzt ziemlich forciert ein Turmendspiel.} (24. Rae1 $5 $16 {würde
ebenfalls deutlichen Vorteil behalten, da der Pf5 nicht wegläuft.}) 24... Rd5
25. Qf4 Qh5 26. h4 (26. Bxf6 Bxf6 $44) 26... Ng4 27. Bxh7+ Kh8 (27... Kg7 28.
Qc7) 28. Bg6 Rxf4 29. Bxh5 Bxg5 30. hxg5 Rxg5 31. Bxg4 Rfxg4 32. g3 Rd4 33.
Rad1 Rgd5 34. Rxd4 Rxd4 35. f4 Rd3 36. Kg2 b4 {Das Turmendspiel wirft trotz
der zwei verbunden Freibauern Probleme auf, da der weiße Turm passiv steht.}
37. Rf2 Kg7 (37... c3 $6 38. bxc3 bxc3 39. Re2 {/\ Re8-c8} Rd2 40. Kf3 c2 41.
Re8+ Kg7 42. Rc8 $18) 38. Kh3 (38. Re2) 38... a5 39. Kh4 c3 40. bxc3 bxc3 41.
g4 $2 (41. Re2 {erscheint besser, da dann der weiße Turm hinter den c-Bauern
gelangt.} Kf6 42. Re5 a4 43. Rc5 $18 {und Weiß sollte gewinnen.}) 41... Rd4 42.
Kg5 Rc4 43. Rc2 Rc5+ 44. Kh4 (44. f5 Rc4 $11) 44... Rc4 45. Kg3 Kf6 46. Kf3 Kg6
47. Ke3 Kf6 48. g5+ Kf5 49. Kd3 Rxf4 50. Rxc3 Rf3+ 51. Kc4 (51. Kc4 Rxc3+ 52.
Kxc3 Kxg5 $11) 1/2-1/2

[Event "FIDE GP+"]
[Site "Dubai"]
[Date "2002.04.07"]
[Round "4.4"]
[White "Radjabov, Teimour"]
[Black "Anand, Viswanathan"]
[Result "0-1"]
[WhiteElo "2599"]
[BlackElo "2757"]
[Annotator "McShane,L"]
[PlyCount "68"]
[EventDate "2002.04.03"]
[EventType "k.o. (rapid)"]
[EventRounds "5"]
[EventCountry "UAE"]
[SourceTitle "CBM 089"]
[Source "ChessBase"]
[SourceDate "2002.08.12"]
[SourceVersion "1"]
[SourceVersionDate "2002.08.12"]
[SourceQuality "1"]

1. d4 {Ftacnik} Nf6 2. c4 e6 3. Nf3 b6 4. a3 Bb7 5. Nc3 d5 6. cxd5 Nxd5 7. Qc2
Nxc3 8. bxc3 Nd7 9. e4 Be7 10. Bd3 c5 11. O-O O-O 12. Bb2 Rc8 13. Qe2 c4 {
Ftacnik: 'Anand tactically simplifies the center and is not afraid of the
opponent's bishop's pair. '} 14. Bxc4 (14. Bc2 {looks like a perfectly valid
alternative which maintains a strong centre.}) 14... Bxe4 15. Ba6 Bxf3 16. Qxf3
Rc7 17. Rad1 Bd6 18. Bd3 $6 (18. a4 $142) (18. Rfe1 {Ftacnik} Qe7 19. d5 Bxa3
20. c4 Bd6 $13 (20... Bxb2 {Ftacnik} 21. d6 Qd8 22. dxc7 Qxc7 $11)) 18... b5 $1
{'!?' Ftacnik.  An important strategic move. Black grabs light squares on the
queenside, and prepares the manouevre Nd7-b6-d5 or c4. If Black gets time to
achieve this, the pawns on a3 and c3 will become very weak.} 19. Rfe1 (19. Bxb5
$6 Qb8 $1 20. a4 (20. c4 {Ftacnik} a6 21. Bxd7 Rxd7 22. Rb1 Bxh2+ 23. Kh1 Rb7
$11) 20... a6 21. Bxd7 Rxd7 {Black is attacking b2 and h2, and White's
queenside will remain weak in the long term.} (21... Qxb2 $6 22. Bc6 Rfc8 23.
d5 $1 {is fine for White.}) 22. Rb1 Rb7 $1 {is especially unpleasant.}) (19.
Qh3 {Ftacnik} Nf6 20. d5 $5 (20. Bxb5 $2 {Ftacnik} Rb7 21. a4 a6 $17) (20. g4 {
Ftacnik} Bf4 $15) 20... exd5 21. c4 h6 22. Qf5 Qd7 23. Bxf6 Qxf5 24. Bxf5 gxf6
25. Rxd5 Bxa3 $11) 19... a6 20. a4 $5 {This is a reasonable attempt to derail
Black's strategy, though by the end the passed a-pawn turns out to be a
menace! Ftacnik: 'Radjabov was still doing fine with the push of the 'd' pawn
in the center, but he strives for more with the sacrifice at the edge.'} (20.
d5 {Ftacnik} Nc5 (20... Ne5 {Ftacnik} 21. Rxe5 Bxe5 22. Qe4 $16) 21. dxe6 fxe6
$11) 20... bxa4 21. c4 Qb8 (21... a3 {Ftacnik} 22. Ba1 Qh4 23. g3 Qf6 24. Qg4
Qh6 25. d5 $11) 22. Ba1 Rd8 23. Re4 $6 {This agressive rook ends up looking
misplaced, so perhaps something calmer was called for.} (23. c5 $5 {Ftacnik}
Be7 24. Rb1 $14) 23... Nf6 24. Rh4 Be7 25. Rh3 (25. d5 {Ftacnik} exd5 26. cxd5
Qb3 27. Rh3 (27. Be5 {Ftacnik} Rc5 28. Bxf6 Bxf6 29. Bxh7+ Kf8 $17) 27... Qxd5
28. Qg3 Qxd3 (28... Qb3 {Ftacnik} 29. Re1 Qb4 30. Rd1 $13) 29. Qxd3 Rxd3 30.
Rhxd3 Kf8 $11) 25... h6 {Preventing any ideas with Bd3xh7+ and Qf3-h5} 26. Rb1
$2 (26. d5 {Ftacnik} exd5 27. cxd5 Rc5 $1 (27... Nxd5 {Ftacnik} 28. Be5 $1) 28.
Rg3 Qd6 $17) 26... Rxc4 $3 {Ftacnik: 'Black spotted the chance to turn the a
pawn into a hero with a breathtaking combination.'} 27. Rxb8 (27. Qd1 {Ftacnik}
Rb4 $19) 27... Rc1+ 28. Bf1 Rxb8 {with a second rook arriving on b1, and his
major pieces offside, White is lost. Of course, the finish still requires some
calculation.} 29. Bc3 Rbb1 30. Qd3 a3 $1 {This key pawn decides the game.} 31.
Qxa6 a2 32. g4 Rxf1+ $1 (32... Ne4 $4 33. Qa8+ Bf8 34. Qxe4 Rxf1+ 35. Kg2 Rfc1
{threatening Rxc3} 36. Qa8 $1 {and White will remove the pawn next move.}) 33.
Qxf1 ({A desperate attempt to cling on with} 33. Kg2 {is well met by} Rg1+ 34.
Kf3 Rb3 35. Ke2 Rxc3 36. Qxa2 Rxh3 {and the compensation for the queen is more
than overwhelming!}) 33... Ne4 $1 34. Ba1 {The only move, but now the knight
executes a different threat.} Nd2 $1 {winning the queen and the game.} 0-1

[Event "Eurotel Trophy"]
[Site "Prague"]
[Date "2002.04.28"]
[Round "1.1"]
[White "Adams, Michael"]
[Black "Radjabov, Teimour"]
[Result "1/2-1/2"]
[WhiteElo "2744"]
[BlackElo "2610"]
[Annotator "Mueller,Karsten"]
[PlyCount "87"]
[EventDate "2002.04.28"]
[EventType "k.o. (rapid)"]
[EventRounds "5"]
[EventCountry "CZE"]
[SourceTitle "CBM 089"]
[Source "ChessBase"]
[SourceDate "2002.08.12"]
[SourceVersion "1"]
[SourceVersionDate "2002.08.12"]
[SourceQuality "1"]

1. e4 d5 2. exd5 Qxd5 3. Nc3 Qa5 4. d4 Nf6 5. Nf3 c6 6. Bd2 Bf5 7. Bc4 e6 8.
Nd5 Qd8 9. Nxf6+ gxf6 10. Bb3 Nd7 11. Qe2 Qc7 12. Nh4 (12. O-O-O Bd6 13. d5 $6
cxd5 14. Nd4 Bg6 15. Nxe6 $2 fxe6 16. Qxe6+ Be7 17. Ba4 b5 18. Qxd5 Rc8 19. Bc3
$2 (19. Ba5 Qf4+ 20. Rd2 Qxa4 21. Qxd7+ Kf7 22. Qd5+ Kg7 $19) 19... bxa4 20.
Rhe1 Nb6 $19 {0-1 Jonkman,H-Smeets,J/Zwolle NED 2000/The Week in Chess 280 (31)
}) 12... Bg6 13. O-O-O (13. f4 O-O-O 14. O-O-O f5 15. g3 Be7 16. Nxg6 hxg6 17.
d5 cxd5 18. Bxd5 Bf6 19. Bf3 Nb6 20. Qb5 Kb8 21. Bb4 a6 22. Qe2 Na4 23. Ba3 Qb6
24. c3 Ka8 25. Rxd8+ Rxd8 26. Rd1 Rxd1+ {1/2-1/2 Savanovic,A-Tzermiadianos,A/
Korinthos GRE 1999 (26)}) (13. g3 O-O-O 14. O-O Nb6 15. Bf4 Bd6 16. Bh6 Bf8 17.
Bxf8 Rhxf8 18. Qe3 Nd5 19. Qf3 f5 $132 {1-0 Hracek,Z-Dobrovolsky,L/SVK 2000/
The Week in Chess 354 (53)}) 13... O-O-O 14. g3 (14. Nxg6 hxg6 15. h4 Bh6 16.
Bxh6 Rxh6 17. g3 f5 $11 {1-0 Grosar,K-Rukavina,J/Bled SLO 1999 (44). (43)})
14... Bd6 15. Kb1 (15. Rhe1 Kb8 16. Kb1 Rc8 17. Bc3 (17. Nxg6 hxg6 18. h4 Ka8
19. Rh1 {1/2-1/2 Fedorov,A-Papaioannou,I/Leon 2001/CBM 86 (19)}) 17... Rhd8 18.
Qf3 f5 (18... Qb6 19. Ka1 Ka8 20. h3 Qb5 21. Nxg6 hxg6 22. Bd2 Rh8 23. h4 $14 {
1-0 Westerinen,H-Smeets,J/Hoogeveen NED 1999 (52)}) 19. Bd2 Nf6 20. Nxg6 hxg6
21. Bg5 Be7 22. Bf4 Bd6 23. Bg5 Be7 24. Qe2 Nd5 25. Bd2 Ka8 26. h4 Bf6 27. c4
Ne7 28. Bf4 $14 {1-0 Loeffler,M-Koenig,D/Passau 2000/CBM 76 ext (42). (41)})
15... Rhe8 16. Rhe1 Kb8 {der schwarze König geht nach a8, um sich gegen eine
weiße Offensive am Damenflügel mit c4-d5 zu rüsten.} 17. a3 Ka8 18. Qf3 Rc8 19.
Nxg6 hxg6 20. h4 f5 21. h5 $6 (21. Bg5 Rh8 22. c4 $14 {allerdings ist die
schwarze Stellung sehr fest und solide.}) 21... gxh5 $11 22. Qxh5 Nf6 23. Qf3
Ne4 24. Be3 c5 $1 25. dxc5 ({Das normalerweise gegen c5 gefährliche} 25. d5 $6
{ist hier wegen} c4 {harmlos.}) 25... Nxc5 26. Qe2 Nxb3 27. cxb3 f4 28. Rc1 Qb8
29. gxf4 Bxf4 30. Qh5 Bxe3 31. fxe3 f5 32. Qf7 Qd6 33. Red1 Rxc1+ 34. Rxc1 Rf8
35. Qg7 Kb8 36. Ka2 (36. Rc7 Qxc7 37. Qxf8+ Qc8 38. Qd6+ Ka8 39. b4 a6 $15)
36... Rc8 37. Rh1 $1 a6 38. Rh4 Rc7 39. Qf6 Ka7 40. Rd4 Qe7 41. Qe5 {Weiß hält
die Damen natürlich auf dem Brett. Denn seine sichere Königsstellung soll ja
eine Rolle spielen und seine geschwächte Bauernstruktur nicht so zur Geltung
kommen.} Rd7 42. Rc4 Rd5 43. Qc3 Qd6 44. e4 1/2-1/2

[Event "Eurotel Trophy"]
[Site "Prague"]
[Date "2002.04.28"]
[Round "1.3"]
[White "Radjabov, Teimour"]
[Black "Adams, Michael"]
[Result "0-1"]
[WhiteElo "2610"]
[BlackElo "2744"]
[Annotator "Ftacnik,L"]
[PlyCount "78"]
[EventDate "2002.04.28"]
[EventType "k.o. (rapid)"]
[EventRounds "5"]
[EventCountry "CZE"]
[SourceTitle "CBM 089"]
[Source "ChessBase"]
[SourceDate "2002.08.12"]
[SourceVersion "1"]
[SourceVersionDate "2002.08.12"]
[SourceQuality "1"]

1. d4 Nf6 2. c4 e6 3. Nf3 b6 4. a3 Ba6 5. Qc2 Bb7 6. Nc3 c5 7. e4 cxd4 8. Nxd4
Bc5 9. Nb3 Nc6 10. Nxc5 bxc5 11. Bd3 O-O 12. O-O d6 13. f4 h6 14. Qd1 Rb8 15.
Be3 Re8 16. Rb1 a5 {[%mdl 32] The first independent move in the game, black
has good chances due to the excellent control of the center and well placed
pieces.} (16... Ba8 17. Bc2 e5 18. f5 Nd4 19. b4 cxb4 20. axb4 Nxc2 21. Qxc2
Qc7 22. Qd3 Rec8 23. c5 dxc5 24. Bxc5 Rd8 25. Qe3 {1/2-1/2 Radjabov,T-Adams,M/
Prague 2002/ (46)}) 17. Nb5 e5 18. f5 (18. b3 exf4 19. Bxf4 Ne5 20. Bc2 Re6 $11
) 18... Nd4 19. Nc3 Bc6 20. Rf2 (20. b3 Rb6 21. Nd5 Bxd5 22. cxd5 Qb8 23. Bc2
$11) 20... Rb6 21. g4 Nh7 (21... Qe7 22. g5 hxg5 23. Bxg5 $14) 22. Rg2 Ng5 (
22... Qh4 23. Nd5 Bxd5 24. cxd5 Ng5 25. Kh1 Reb8 $15) 23. Rg3 Qa8 24. Bxg5 hxg5
25. Qd2 Qd8 {Adams can not complain about his fate, after disappearance of the
dark squared bishop his chances are very favourable.} (25... f6 $5 26. Qe3 (26.
Nd5 Bxd5 27. exd5 a4 28. Re3 Reb8 $15) (26. Re3 Reb8 27. Kf2 Qb7 28. Nb5 Nxb5
29. cxb5 Bxb5 30. Bxb5 Rxb5 31. Qxd6 Rxb2+ 32. Rxb2 Qxb2+ 33. Kg3 Qb1 $17)
26... Reb8 27. Rg2 Rb3 28. Rd2 (28. h4 gxh4 29. g5 fxg5) 28... a4 29. Qf2 Qb7
$11) 26. Rh3 Qe7 27. Ne2 Rb3 (27... Reb8 $15) 28. Nc1 (28. Nxd4 $2 exd4 $19)
28... Rb6 29. Qxa5 Qb7 30. Qd2 (30. Qe1 Rxb2 31. Rxb2 Qxb2 $17) 30... f6 (30...
Bxe4 $5 31. Qxg5 Bh1 $1 32. Bf1 Nf3+ 33. Rxf3 Qxf3 34. Nd3 (34. f6 g6 35. Ne2
d5 36. Ng3 Rxf6 37. Nxh1 Rf4 $19) 34... f6 35. Qg6 Qa8 $17) 31. Re3 $2 (31. Ne2
$1 Bxe4 32. Nxd4 exd4 33. b4 Re5 $11) 31... Bxe4 $1 {Radjabov has missed this
great simple shot, without central pawns his chances are quite poor.} 32. Qf2 (
32. Bxe4 Qxe4 33. Qd3 (33. Rxe4 Nf3+ 34. Kg2 Nxd2 $19) 33... Qxg4+ $19) 32...
Bc6 33. h4 (33. b3 Ra8 34. a4 Bxa4 35. Be4 Bc6 $17) 33... Nf3+ 34. Rxf3 (34.
Kf1 Nxh4 $19) 34... Bxf3 35. hxg5 fxg5 36. Qe3 e4 37. Bf1 (37. b4 Bxg4 38. Qxg5
Bf3 39. Qg6 Re5 $19) (37. Be2 Bxe2 38. Qxe2 d5 39. cxd5 Qxd5 $19) 37... Qe7 38.
b4 Qe5 39. b5 $2 (39. Ne2 Bxg4 $19) 39... Qg3+ 0-1

[Event "Sarajevo Bosnia 32nd"]
[Site "Sarajevo"]
[Date "2002.05.22"]
[Round "1"]
[White "Georgiev, Kiril"]
[Black "Radjabov, Teimour"]
[Result "1/2-1/2"]
[WhiteElo "2654"]
[BlackElo "2610"]
[PlyCount "116"]
[EventDate "2002.05.22"]
[EventType "tourn"]
[EventRounds "9"]
[EventCountry "BIH"]
[EventCategory "16"]
[SourceTitle "CBM 090"]
[Source "ChessBase"]
[SourceDate "2002.09.20"]
[SourceVersion "1"]
[SourceVersionDate "2002.09.20"]
[SourceQuality "1"]

1. d4 Nf6 2. c4 g6 3. Nf3 Bg7 4. g3 O-O 5. Bg2 d6 6. O-O Nc6 7. Nc3 a6 8. b3
Rb8 9. Nd5 Nh5 10. Bb2 e6 11. Nc3 b5 12. d5 Ne7 13. dxe6 Bxe6 14. cxb5 axb5 15.
Qd2 b4 16. Ne4 Bxb2 17. Qxb2 Bd5 18. Ned2 f5 19. Rfd1 Nf6 20. Rac1 Qd7 21. Nc4
Ne4 22. Ne3 Ba8 23. a3 Nc3 24. Rd2 Ne4 25. Rdd1 Nc3 26. Re1 Ne4 27. Nc2 bxa3
28. Qxa3 Nd5 29. b4 Rfe8 30. Nfd4 c5 31. Bxe4 Rxe4 32. bxc5 dxc5 33. Qxc5 f4
34. Ra1 fxg3 35. hxg3 Nf4 36. Qa7 Nh3+ 37. Kf1 Rf8 38. Nf3 Bb7 39. Qa2+ Bd5 40.
Qa7 Qxa7 41. Rxa7 Bc4 42. Kg2 Bxe2 43. Rxe2 Rxe2 44. Ncd4 Rxf2+ 45. Kxh3 R2xf3
46. Nxf3 Rxf3 47. Kg2 Rf7 48. Ra6 Kg7 49. g4 g5 50. Kg3 h6 51. Ra4 Rb7 52. Ra6
Re7 53. Kf3 Rf7+ 54. Kg3 Rf6 55. Ra7+ Kg6 56. Kg2 Rb6 57. Ra5 Kf6 58. Kg3 Ke6
1/2-1/2

[Event "Sarajevo Bosnia 32nd"]
[Site "Sarajevo"]
[Date "2002.05.23"]
[Round "2"]
[White "Smirin, Ilia"]
[Black "Radjabov, Teimour"]
[Result "1/2-1/2"]
[WhiteElo "2685"]
[BlackElo "2610"]
[Annotator "Mueller,Karsten"]
[PlyCount "183"]
[EventDate "2002.05.22"]
[EventType "tourn"]
[EventRounds "9"]
[EventCountry "BIH"]
[EventCategory "16"]
[SourceTitle "CBM 090"]
[Source "ChessBase"]
[SourceDate "2002.09.20"]
[SourceVersion "1"]
[SourceVersionDate "2002.09.20"]
[SourceQuality "1"]

1. e4 e6 2. d4 d5 3. Nd2 Be7 4. Ngf3 Nf6 5. e5 Nfd7 6. Bd3 c5 7. c3 Nc6 8. O-O
g5 $5 9. dxc5 (9. b4 cxd4 10. cxd4 Nxb4 11. Bb1 Nb6 (11... g4 12. Ne1 h5 13.
Nb3 $44) 12. Ne1 Bd7 13. a3 Ba4 14. Qh5 $44 {0-1 Acs,P-Galyas,M/Budapest 1994/
EXT 94 (50)}) 9... g4 (9... Nxc5 10. Bb5 (10. Bc2 g4 11. Nd4 Nxe5 12. Qe2 Bf6
13. f4 Nc6 14. Nxc6 bxc6 15. Qxg4 $13 {1/2-1/2 Mamedov,N-Markos,J/Chalkidiki
2000/CBM 78 ext (42)}) 10... a6 11. Bxc6+ bxc6 12. Nd4 Qc7 13. Qh5 Nd3 14. N2f3
c5 15. Nxg5 cxd4 $2 (15... Bxg5 16. Bxg5 cxd4 17. Bf6 Rf8 18. cxd4 $13) 16.
Qxf7+ Kd8 17. cxd4 Qb6 18. Qf3 $18 {1/2-1/2 Zakic,S-Drasko,M/JUG-ch Banja
Vrucica 1991/EXT 91ch (47)}) (9... Ndxe5 10. Bb5 Bd7 11. Qe2 Qc7 12. Re1 Ng6 (
12... Nxf3+ 13. Nxf3 g4 14. Bxc6 Bxc6 15. Ne5 Bxc5 16. Qxg4 $14) 13. Nb3 $13 {
0-1 Rublevsky,S-Volkov,S/Ohrid MKD 2001/The Week in Chess 344 (40)}) 10. Nd4
Ndxe5 11. Bb5 Bd7 12. f4 (12. N2b3 h5 13. Re1 Nxd4 14. Nxd4 Bxb5 15. Rxe5 Bd7
16. b4 Bf6 17. Re1 Qc7 {1/2-1/2 Emms,J-Lalic,B/Southend 2001/CBM 83 (17).})
12... Nxd4 13. Bxd7+ Qxd7 14. cxd4 Nc6 15. Qxg4 (15. Nb3 f5 (15... Bf6 $5) 16.
Re1 Kf7 17. Qd3 Bf6 18. Bd2 $14) 15... Bf6 16. Nf3 Nxd4 17. Ne5 Qc7 18. Bd2 h5
19. Qd1 Bxe5 20. fxe5 Nf5 21. Rc1 Qc6 22. b4 (22. Bg5 $5) 22... d4 23. Qf3 $6 {
Warum will Weiß ins Endspiel abwickeln? Mit den Damen fühlen sich zwar beide
Könige unsicher, doch die weißen Chancen scheinen mir etwas besser zu sein, z.
B.} (23. Bg5 h4 24. Rf2 Rg8 25. Qh5) 23... a6 24. a4 $6 Rg8 25. Rf2 $6 Qxf3 26.
Rxf3 Kd7 27. Rb3 Kc6 28. Kf2 Kd5 $15 29. b5 (29. Bf4 {hilft nicht wirklich, z.
B.} Nh4 30. g3 $6 Ng6 31. Re1 Nxf4 32. gxf4 Rg4 33. Kf3 Rag8 34. Rh1 f6 35.
exf6 R8g6 $19) 29... Rgc8 30. bxa6 bxa6 31. Rb7 Rxc5 32. Rxc5+ Kxc5 33. Rxf7
Kd5 34. Rh7 h4 35. g4 hxg3+ 36. hxg3 Kxe5 37. Kf3 Kd5 38. Rd7+ Kc6 39. Rh7 Nd6
$2 (39... e5 $1 40. g4 (40. Ke4 Nd6+ 41. Kxe5 Nc4+ 42. Kxd4 Nxd2 $19) (40. Rh5
e4+ 41. Kf4 Nd6 42. Bb4 Rf8+ 43. Ke5 d3 44. Rh6 Rf5+ 45. Kd4 Rd5+ 46. Ke3 a5
47. Bxd6 Rxd6 48. Rh1 Kd5 $19) 40... Nd6 41. Bb4 Rf8+ 42. Ke2 Rf4 $19) 40. Bf4
Re8 $6 (40... Rf8 $5) 41. Bxd6 Kxd6 42. Ke4 Rg8 43. Kxd4 Rxg3 44. Kc4 Rg5 (
44... Rg4+ 45. Kb3 a5 46. Ra7 Rg5 47. Ra6+ Ke7 48. Kc4 Kf6 49. Kd3 $15) 45. Rh1
$2 (45. Ra7 $2 Rc5+ 46. Kb4 a5+ 47. Rxa5 $6 Rxa5 48. Kxa5 Kc5 49. Ka6 e5 50.
Kb7 e4 51. a5 e3 52. a6 e2 53. a7 e1=Q 54. a8=Q Qe7+ 55. Ka6 Qd6+ 56. Kb7 Qd7+
57. Kb8 (57. Ka6 Qb5+ 58. Ka7 Qb6#) 57... Kb6 58. Qe4 Qd8#) (45. Rh4 Rc5+ 46.
Kd3 $15) 45... Rc5+ $2 (45... Rg4+ $1 46. Kb3 a5 47. Rh8 Rb4+ 48. Ka3 Rc4 49.
Kb3 Rc5 50. Rd8+ Ke5 51. Rd1 Kf4 52. Rf1+ Kg4 53. Rg1+ Kf3 54. Rf1+ Kg2 55. Rf6
e5 56. Rf5 Kg3 $19) 46. Kd3 Kd5 47. Rh8 Ra5 48. Rh4 e5 49. Rg4 Rc5 50. Rg8 e4+
51. Kd2 a5 (51... Kd4 52. Rd8+ Rd5 53. Rxd5+ Kxd5 54. a5 $1 $11 {gemäß der
Bährschen Regel}) 52. Ke3 Rc3+ 53. Kd2 Rd3+ (53... Rc4 54. Rg5+ Kd4 55. Rxa5
e3+ 56. Ke2 Rc2+ 57. Ke1 Kd3 58. Rd5+ Ke4 59. Rd8 $11) 54. Ke2 Kc5 55. Rb8 Kc4
56. Re8 Kd4 57. Ra8 Ra3 58. Rxa5 Ra2+ 59. Kd1 Ke3 60. Ra8 Rd2+ 61. Ke1 Rh2 62.
Kf1 (62. Rf8 $2 Rh1+ 63. Rf1 Rxf1+ 64. Kxf1 Kd2 65. a5 e3 $19) 62... Rh1+ 63.
Kg2 Ra1 64. a5 Ra2+ 65. Kf1 Ra1+ (65... Kf3 66. Rf8+ Ke3 67. Ra8 $11) 66. Kg2
Ke2 67. a6 e3 68. a7 Ra3 69. Kg3 $2 (69. Rb8 Rxa7 70. Rb2+ Kd1 71. Rb1+ Kc2 72.
Rb8 Rf7 73. Re8 Kd2 74. Ra8 $8 $11) 69... Ke1 70. Kf3 e2+ 71. Kg2 (71. Kg4 Ra4+
72. Kg5 (72. Kg3 Ra6 73. Kh4 Rh6+ 74. Kg5 Rh7 75. Kg6 Rd7 $19) 72... Kf2 73.
Rf8+ Kg3 74. Re8 Ra5+ 75. Kh6 Kf3 76. Rf8+ Kg4 77. Rg8+ Kh4 78. Rg1 Ra6+ 79.
Kg7 Rxa7+ 80. Kf6 Ra3 81. Kf5 Rf3+ 82. Ke4 Rf1 $19) 71... Ra6 72. Kg3 Kf1 $2 {
[%mdl 4096] danach kann der weiße Turm aktiv mitwirken.} (72... Rg6+ {hätte
gewonnen:} 73. Kh4 (73. Kf3 Rf6+ 74. Ke3 Kf1 $19) 73... Rg7 74. Kh3 Rd7 75. Kg2
Kd2 76. Re8 Rxa7 77. Rd8+ Ke1 $19) 73. Rf8+ Kg1 74. Re8 Ra3+ 75. Kh4 (75. Kg4
$6 Kf2 76. Rf8+ Kg2 77. Re8 Ra4+ 78. Kh5 $1 $11 (78. Kg5 $2 Kf3 79. Rf8+ Kg3
80. Re8 Ra5+ 81. Kg6 Kf3 82. Rf8+ Kg4 83. Re8 Ra6+ 84. Kg7 Rxa7+ $19)) 75...
Kf2 {das Laskersche Gewinnmanöver ist hier nicht anwendbar, weil es sich um
einen e- und nicht um einen f-Bauern handelt.} 76. Rf8+ Ke3 77. Re8+ Kd2 78.
Rd8+ Kc2 79. Rc8+ Kd3 80. Rd8+ Ke4 81. Re8+ Kf3 82. Rf8+ Ke3 83. Re8+ Kf2 84.
Rf8+ Kg2 85. Rg8+ Kf3 86. Rf8+ Ke4 87. Re8+ Kd3 88. Rd8+ Kc2 89. Rc8+ Kd2 90.
Rd8+ Rd3 91. Rxd3+ (91. Re8 Re3 92. Rxe3 (92. a8=Q $4 e1=Q+ 93. Kh5 Rxe8 $19)
92... Kxe3 93. a8=Q e1=Q+ $11) 91... Kxd3 92. a8=Q 1/2-1/2

[Event "Sarajevo Bosnia 32nd"]
[Site "Sarajevo"]
[Date "2002.05.24"]
[Round "3"]
[White "Radjabov, Teimour"]
[Black "Dreev, Alexey"]
[Result "1/2-1/2"]
[WhiteElo "2610"]
[BlackElo "2677"]
[Annotator "Lutz,C"]
[PlyCount "55"]
[EventDate "2002.05.22"]
[EventType "tourn"]
[EventRounds "9"]
[EventCountry "BIH"]
[EventCategory "16"]
[SourceTitle "CBM 090"]
[Source "ChessBase"]
[SourceDate "2002.09.20"]
[SourceVersion "1"]
[SourceVersionDate "2002.09.20"]
[SourceQuality "1"]

1. d4 d5 2. c4 c6 3. Nf3 Nf6 4. Nc3 e6 5. e3 Nbd7 6. Bd3 dxc4 7. Bxc4 b5 8. Bd3
Bb7 9. O-O a6 10. e4 c5 11. d5 Qc7 12. dxe6 fxe6 13. Bc2 Bd6 14. Ng5 Nf8 15. f4
O-O-O 16. Qe2 $6 {Dieser Zug erscheint weniger kritisch als 16.Qe1.} (16. Qe1 {
1-0 Shirov,A-Dreev,A/Sarajevo 2002/[Lutz] (39)}) 16... h6 17. e5 (17. Nh3 {
1/2-1/2 Kalugin,S-Riazantsev,A/St Petersburg 1999/CBM 74/[Lutz] (33)}) (17. Nf3
{1/2-1/2 Nenashev,A-Dreev,A/Groningen 1997/CBM 63/[Lutz] (36)}) 17... hxg5 18.
exd6 Qxd6 19. Be3 N8d7 {In dieser Stellung hat Schwarz keinerlei Probleme: Der
Bb7 und der Rh8 drücken aktiv gegen den weißen König, sein eigener König steht
vergleichsweise sicher und momentan hat er sogar noch einen Mehrbauern.} 20.
Rad1 Qc7 21. Bc1 g4 22. a4 (22. Qxe6 Rde8 23. Qf7 c4 24. Rf2 Qc5 25. Rdf1 g3
26. hxg3 Ng4 27. Nd1 Nxf2 28. Nxf2 Qc6 {0-1 Jelen,I-Ribli,Z/Pula 1998/EXT 2000
(28)}) 22... b4 23. Ne4 Nxe4 24. Bxe4 Nf6 25. Bd3 Qc6 26. Bc4 Rde8 27. Rfe1 Kb8
28. b3 1/2-1/2